История человеческой культуры с очерком форм государственнаго правления, политики, развития свободы и благосостояния народов. [Т. 2], вып. 6 (Запись № 13700142)

Подробности
000 -МАРКЕР
контрольное поле 01569nam2a2200241 4500
001 - ИДЕНТИФИКАТОР ЗАПИСИ
контрольное поле RU\NLR\BIBL_A\022795409
005 - ИДЕНТИФИКАТОР ВЕРСИИ
контрольное поле 20260503064524.0
035 ## - ДРУГИЕ СИСТЕМНЫЕ НОМЕРА
Идентификатор записи (NLR Aleph) 022795409
100 ## - ДАННЫЕ ОБЩЕЙ ОБРАБОТКИ
Данные общей обработки 20061002d1898 u y0rusy50 ca
101 1# - ЯЗЫК РЕСУРСА
Язык текста, звукозаписи и т.д. русский
Язык оригинала немецкий
102 ## - СТРАНА ПУБЛИКАЦИИ ИЛИ ПРОИЗВОДСТВА
Страна публикации Российская Федерация
105 ## - ПОЛЕ КОДИРОВАННЫХ ДАННЫХ: ТЕКСТОВЫЕ МАТЕРИАЛЫ, МОНОГРАФИЧЕСКИЕ
Кодированные данные о монографическом текстовом документе y z 000yy
200 0# - ЗАГЛАВИЕ И СВЕДЕНИЯ ОБ ОТВЕТСТВЕННОСТИ
Основное заглавие [Т. 2], вып. 6
210 ## - ПУБЛИКАЦИЯ, РАСПРОСТРАНЕНИЕ И ДР.
Дата издания, распространения и т.д. 1898
215 ## - ФИЗИЧЕСКАЯ ХАРАКТЕРИСТИКА
Специфическое обозначение материала и объем [2] с., с. 113–240
461 #0 - УРОВЕНЬ НАБОРА
Встроенное поле 001v19\rc\1601368
-- 2001#$aИстория человеческой культуры с очерком форм государственнаго правления, политики, развития свободы и благосостояния народов$fГ. Фр. Кольб$gперевод с 3-го переработаннаго и значительно дополненнаго, немецкаго издания, под редакцией А. А. Рейнгольдта$v[Т. 2], вып. 6
-- 700#1$aКольб$bГ. Ф.$f1800-1884$gГеорг Фридрих
Системный номер (АБИС) связанной записи 4367538
Автор Кольб, Г. Ф. (1808-1884)
Место публикации Киев
Дата публикации 1896–1899
Первые сведения об ответственности Г. Фр. Кольб
Имя издателя, распространителя и т.д. Южно-Русское Книгоизд-во Ф. А. Иогансона
Заглавие История человеческой культуры с очерком форм государственнаго правления, политики, развития свободы и благосостояния народов
Номер тома [Т. 2], вып. 6
852 ## - МЕСТОНАХОЖДЕНИЕ И ШИФР ХРАНЕНИЯ
Идентификатор организации NLR
Шифр хранения (Call Number) 18.192.7.35(6)
852 ## - МЕСТОНАХОЖДЕНИЕ И ШИФР ХРАНЕНИЯ
Идентификатор организации NLR
Шифр хранения (Call Number) 33-4/861(6)
942 ## - ДОПОЛНИТЕЛЬНЫЕ ЭЛЕМЕНТЫ ЗАПИСИ (АБИС)
Тип экземпляра АБИС Книга
980 ## - КОЛЛЕКЦИЯ
Название коллекции Национальная библиография

Нет доступных экземпляров.